000 00925cam a2200301 4500
001 M1731
008 090401t1993 xxu||||| |||| 00| 0 eng d
035 _a(Sirsi) u34051
041 _aeng
050 _a025.4669
110 _aInternational Council for Building Research Studies and Documentation
_91423
245 _aCIB master list of headings for the arrangement and presentation of information in technical documents for design and construction.
250 _a4th ed.
260 _aRotterdam, Netherlands
_bCIB
_c1993
300 _a23p. ; 30cm.
350 _a50
490 _aCIB Report
_v18
650 _aCIB MASTER LIST
650 _aCONSTRUCTION DOCUMENTS
650 _aCONSTRUCTION INFORMATION
650 _aDESIGN DOCUMENTS
650 _aMASTER HEADINGS
650 _aTECHNICAL DOCUMENTS
650 _aTECHNICAL INFORMATION
690 _aBUILT ENVIRONMENT
942 _n0
948 _c04/03/1997
999 _c89900
_d89900